000 00344nam a2200133 i 4500
001 bg
100 1 _aHOŁUB, Józef
245 0 _aTeoretyczne i praktyczne aspekty badania zdolności produkcyjnych /
_cJózef Hołub.
260 _aLublin,
_c1982.
040 _cBPK
041 _apol
942 _cKS
008 s pl f |000 0 pol
999 _c20891
_d20891
856 _uhttp://koha.tu.koszalin.pl/cgi-bin/koha/opac-detail.pl?biblionumber=20891
_yKatalog online BPK